00253 a2200121 4500001000700000020002200007040001100029100001800040240003100058245002600089300000700115362000900122190621 a978-85-360-1147-9 cMagnum aLouis, Jensen10aUma jornada para deuslpor10aUma jornada para deus a260 a2012